MDQL
is popping MORE tags! Check the
thread
!
Quizzes
Events
Quiz Creation
Community
Videos
Private Events
Remove Ads
Sign In
Join for FREE
Feedback
Dark Mode
Quiz Categories
Sports
Geography
Music
Movies
Television
Just For Fun
Miscellaneous
History
Literature
Language
Science
Gaming
Entertainment
Religion
Holiday
For Kids
Quiz Lab
Recent
Popular Today
Quiz Kudos Today
Editor Picks
Curator Picks
Quizzes by...
Day
Popularity
Type
Ratings
Length
Year
Community
Subscriptions
Recent Discussions
Orange Saloon
Badges
Playlists
Quests
Create
Leaderboards
Showdown
Live 5
Trivia Bingo
Activity
Puzzle Library
Sporcle Events
Private Events
Virtual Trivia
Globe League
Become a Host
Pub Owners
SporcleCon
Opinionation
Our Games
Videos
Blog
Mobile Apps
Partnerships
Remove Ads and Go Orange
Feedback
Language
Vocabulary
Begins and Ends
Definition
Spanish
French
German
Italian
Chinese
Latin
Translation
Japanese
Language
Vocabulary
Begins and Ends
Definition
Spanish
French
German
Italian
Chinese
Latin
Translation
Japanese
Random Quiz
Search Sporcle
×
Quiz Lab
Quiz Lab
Language
Latin
Type in answers that appear in a list
Type in answers that appear in a list
Classic
Best Score? Go Orange.
AS Vocab Appendix Stats
Can you name the AS Vocab Appendix?
By
EJC
10m
39 Questions
7 Plays
7 Plays
7 Plays
Comments
Comments
Give Quiz Kudos
Give Quiz Kudos
-
- Ratings
hide this ad
Forced Order
Answers have to be entered in order
Answers have to be entered in order
Random Order
Randomize order of answers
Randomize order of answers
Replay
Link that replays current quiz
Next Quiz
Link to next quiz in quiz playlist
You Got
0%
They Got
Avg Score
48%
Avg Friend Score
Upgrade to see
Score Distribution
Jump to the score distribution portion of the page
Score
0/39
Timer
10:00
0
Plays Today
Latin
English
% Correct
primus, prima, primum
first
71.4%
sextus, sexta, sextum
sixth
71.4%
quinque, indeclinable
five
71.4%
secundus, secunda, secundum
second
57.1%
septimus, septima, septimum
seventh
57.1%
octavus, octava, octavum
eighth
57.1%
nonus, nona, nonum
ninth
57.1%
decimus, decima, decimum
tenth
57.1%
unus, una, unum
one
57.1%
tres, tres, tria
three
57.1%
sex, indeclinable
six
57.1%
septem, indeclinable
seven
57.1%
octo, indeclinable
eight
57.1%
novem, indeclinable
nine
57.1%
quindecim, indeclinable
fifteen
57.1%
sedecim, indeclinable
sixteen
57.1%
septendecim, indeclinable
seventeen
57.1%
viginti, indeclinable
twenty
57.1%
ducenti, ducentae, ducenta
two hundred
57.1%
tertius, tertia, tertium
third
42.9%
Latin
English
% Correct
quintus, quinta, quintum
fifth
42.9%
duo, duae, duo
two
42.9%
quattuor, indeclinable
four
42.9%
undecim, indeclinable
eleven
42.9%
duodecim, indeclinable
twelve
42.9%
tredecim, indeclinable
thirteen
42.9%
quattuordecim, indeclinable
fourteen
42.9%
triginta, indeclinable
thirty
42.9%
quadraginta, indeclinable
forty
42.9%
centum, indeclinable
one hundred
42.9%
trecenti, trecentae, trecenta
three hundred
42.9%
quadringenti, quadringentae, quadringenta
four hundred
42.9%
quingenti, indeclinable
five hundred
42.9%
mille, indeclinable
one thousand
42.9%
quartus, quarta, quartum
fourth
28.6%
decem, indeclinable
tenth
28.6%
undeviginti, indeclinable
nineteen
28.6%
duodeviginti, indeclinable
eighteen
14.3%
quinquaginta, indeclinable
fifty
14.3%
Quiz Playlist
Details
Report
Send in Message
Add To Playlist
Classic:
Type in answers that appear in a list
Forced Order:
Answers have to be entered in order
Random Order:
Randomize order of answers
Last Updated: Feb 16, 2017
Quiz Scoreboard
CHALLENGE
Sign Up to Join the Scoreboard
Show All
Scores
Hide
Comments
May contain spoilers
Recently Published
Two Season TV Shows II
by 123Four
Television
10m
Image Sorting: Flags VI
by Barbecue
Geography
2m
Find the 'City' Movie
by crazypaving
Movies
60s
More to Explore
Quiz From the Vault
Featured Blog Post
14 Easter Pick-up Lines to Find Eggs With
hide this ad
You Might Also Like...
Tags
Latin Quiz
English
Today's Top Quizzes in Language
Browse Language
hide this ad
Today's Top Quizzes in Latin
Browse Latin
Top Contributed Quizzes in Language
1
What Word Starts All?
2
1-10 Letter F Words III
3
Arabic Numerals
4
1-10 Letter G Words III
5
Harry Potter book 6 chapters: English & Greek
6
1-10 Letter H Words III
7
Weisst du, aus welchen Sprachen diese Wörter stammen?
8
1-10 Letter I Words III
9
Celtic Nations in their Language
10
Russian Alphabet (Picture Click)
Explore More
Trending Topics
NBA
Disney
Anime
Crossword
Kpop
Harry Potter
Marvel
The Office
Pokémon
Song
WWE
Puzzle
NFL
Soccer
Country
hide this ad
More By:
EJC
Quiz
Plays
Rating
Category
Featured
Created
CLC Checklist 1
381
3.00
Language
Jul 11, 2012
CLC Checklist 2
275
Language
Jul 11, 2012
CLC Checklist 3
246
4.50
Language
Jul 11, 2012
CLC Checklist 4
186
2.00
Language
Aug 1, 2012
CLC Checklist 13
157
Language
Jul 11, 2012
Go to Creator's Profile
Score Distribution
Quiz Creator Spotlight
EJC
Follow
Send a Message
Quizzes Created
-
Created Quiz Play Count
-
More By This Creator
Popular Quizzes Today
1
Colored Red Africa Blitz
2
Find the US States - No Outlines Minefield
3
Find the 'City' Movie
4
5x2 Blitz: Bands
5
The Countries of the World
6
Find the US States
7
Find the Countries of Europe - No Outlines Minefield
8
US States
More Language Quizzes
Words Within Words 'M' Blitz
Published
Trending Quizzes
Colored Red Europe Blitz I
Colored Red Africa Blitz II
Colored Red Europe Blitz II
Colored Red Africa Blitz III
Colored Red Europe Blitz III
Recently Updated
How Do You Spell That?
pecheneg
Godzilla Movies
pecheneg
Grab Bag: 4-10 Letters
pecheneg
2024 March Madness Bracket
pecheneg
Famous TV Couples
Peacemaker
Champions League XIs: Real Madrid
pecheneg
Largest US Cities 1790-2010
pecheneg
Rides in Walt Disney World
pecheneg
Most Oscar Losses (Acting)
pecheneg
Beyoncé Albums
pecheneg
Trending Topics
NBA
Disney
Crossword
Marvel
Anime
Harry Potter
Kpop
WWE
The Office
NFL
Country
Puzzle
Soccer
Pokémon
Song
Your Account Isn't Verified!
In order to create a playlist on Sporcle, you need to verify the email address you used during registration. Go to your
Sporcle Settings
to finish the process.
Report this User
Report this user for behavior that violates our
Community Guidelines
.
Details:
Send Report
Go to the Sporcle.com Mobile Site →
Comments